<?xml version="1.0" encoding="UTF-8"?>
<collection xmlns="http://www.loc.gov/MARC21/slim">
 <record>
  <leader>02163nam a2200181 a 4500</leader>
  <controlfield tag="001">1/31506</controlfield>
  <controlfield tag="008">      s1997    lu     f      00010 gre d</controlfield>
  <datafield tag="022" ind1="0" ind2=" ">
   <subfield code="a">1027-250X</subfield>
  </datafield>
  <datafield tag="028" ind1="3" ind2="1">
   <subfield code="a">GF-HA-03-046-GR-C</subfield>
  </datafield>
  <datafield tag="035" ind1=" " ind2=" ">
   <subfield code="l">33827</subfield>
  </datafield>
  <datafield tag="040" ind1=" " ind2=" ">
   <subfield code="a">GR-PeUP</subfield>
  </datafield>
  <datafield tag="084" ind1=" " ind2=" ">
   <subfield code="2">KET</subfield>
   <subfield code="a">CdR 166/03</subfield>
  </datafield>
  <datafield tag="110" ind1="2" ind2=" ">
   <subfield code="a">Επιτροπή των Περιφερειών της Ευρωπαϊκής Ένωσης.</subfield>
  </datafield>
  <datafield tag="245" ind1="1" ind2="0">
   <subfield code="a">Γνωμοδότηση για την &quot;Προτάση απόφασης του Ευρωπαϊκου Κοινοβουλίου και του Συμβουλίου περί τροποποίησης της απόφασης 2000/821/ΕΚ του Συμβουλίου, της 20ής Δεκεμβριού 2000,για την εφαρμογή προγράμματος για την ενθάρρυνση της ανάπτυξης,της διανομής και της προώθησης των ευρωπαϊκων οπτικοακουστικών έργων (MEDIA Plus- Ανάπτυξη, διανόμη και προώθηση)&quot; και την &quot;Πρόταση απόφασης του Ευρωπαϊκου Κοινοβουλίου και του Συμβουλίου περί τροποποίησης της απόφασης αριθμ.163/2001/ΕΚ του Ευρωπαϊκου Κοινοβουλίου και του Συμβουλίου, της 19ής Ιανουαρίου 2001,περί της εφαρμογής προγράμματος κατάρτισης για τους επαγγελματίες της ευρωπαϊκης βιομηχανίας οπτικοακουστικών προγγραμάτων (MEDIA-Κατάρτιση) (2001-2005)&quot; COM(2003) 191 τελικό COM(2003) 188 τελικό/</subfield>
   <subfield code="c">Επιτροπή των Περιφερειών</subfield>
  </datafield>
  <datafield tag="260" ind1="0" ind2=" ">
   <subfield code="a">Βρυξέλλες, Λουξεμβούργο:</subfield>
   <subfield code="b">Υπηρεσία Επισήμων Εκδόσεων των Ευρωπαϊκών Κοινοτήτων,</subfield>
   <subfield code="c">29.10.2003</subfield>
  </datafield>
  <datafield tag="300" ind1=" " ind2=" ">
   <subfield code="a">4 σ. :</subfield>
   <subfield code="c">30 εκ.</subfield>
  </datafield>
  <datafield tag="500" ind1=" " ind2=" ">
   <subfield code="a">CdR 166/03 fin</subfield>
  </datafield>
  <datafield tag="852" ind1=" " ind2=" ">
   <subfield code="a">INST</subfield>
   <subfield code="b">UNIPILB</subfield>
   <subfield code="c">KET</subfield>
   <subfield code="e">20061115</subfield>
   <subfield code="h">CdR 166/03</subfield>
   <subfield code="p">CdR 166/03</subfield>
   <subfield code="q">CdR 166/03</subfield>
   <subfield code="t">NOLOAN</subfield>
   <subfield code="y">23</subfield>
   <subfield code="4">1</subfield>
  </datafield>
 </record>
</collection>
